00596nam a2200181Ia 4500003000900000008004100009020001800050040001600068080001800084100001700102245009800119260004200217300001400259490006500273650001400338650004100352650002100393IN-BaIIA211028s9999 xx 000 0 eng d a90-277-0154-7 cIIA Library a082.2:52bJAG aJager, C. D. 0aReports on astronomybvol. XIVAcC. D. Jager  aDordrechtbD. Reidel Publishingc1970 aviii,566p aTransaction of the International Astronomical Union; v. XIVA aAstronomy aAstronomy and Astrophysics Thesaurus aIAU Transactions